[Event "21st Dubai Open 2019"]
[Site "Dubai"]
[Date "2019.04.06"]
[Round "6.13"]
[White "Pichot, Alan"]
[Black "Aditya Mittal"]
[Result "1/2-1/2"]
[WhiteElo "2566"]
[BlackElo "2457"]
[Annotator "TA"]
[PlyCount "120"]
[EventDate "2019.04.01"]
[EventType "swiss"]
[EventCountry "UAE"]
[SourceTitle "playchess.com"]
[Source "ChessBase"]
[SourceQuality "1"]

{[%evp 15,120,0,12,7,13,0,22,18,11,7,39,48,53,45,65,55,57,65,56,53,44,36,41,30,40,46,46,239,33,43,60,-27,-29,-28,-21,-21,-22,-29,-12,-48,-26,-58,0,0,0,0,0,0,20,0,32,-10,-8,-12,6,-9,68,55,63,72,60,59,51,51,68,0,72,72,71,66,106,118,112,91,86,94,99,8,113,104,141,141,214,159,607,510,29958,29965,29965,29966,29965,11277,2281,1014,995,0,0,-16,-16,-16,-16,-16,-16,-16,-16,-16,-16]} 1. e4 c5 2. Nf3 d6 3. d4 cxd4 4. Nxd4 Nf6 5. Nc3 a6 6. a4 e5 7. Nf3 Be7 8. Bc4 O-O 9. O-O {B90: Sicilian Najdorf: Unusual White 6th moves, 6 Be3 Ng4 and 6 Be3 e5} Be6 (9... b6 10. Bg5 Nbd7 11. Re1 Bb7 12. Bxf6 Nxf6 13. Nd5 Rc8 14. Nxf6+ Bxf6 15. Qd3 Qc7 16. Bxa6 Bxa6 17. Qxa6 Qxc2 {½-½ (78) Fressinet,L (2655)-Klein,D (2492) chess.com INT 2019}) 10. Qe2 h6 11. Rd1 Qc7 12. Ba2 Nc6 13. Nd5 $146 ({Predecessor:} 13. Be3 Nb4 14. Bd5 Nbxd5 15. Nxd5 Nxd5 16. exd5 Bg4 {1-0 (45) Chrzaszcz,M (1872)-Jablonska,S (1693) Chotowa 2007}) 13... Bxd5 14. exd5 Nb4 15. Bb3 a5 16. c3 Na6 17. Nh4 Qd7 18. Qf3 e4 19. Qf5 g6 20. Nxg6 $1 fxg6 21. Qxg6+ {[%mdl 64] Double Attack} Kh8 22. Qxh6+ Nh7 23. Qe6 (23. Bc2 $14) 23... Qxe6 $11 24. dxe6 Nc5 25. Bc4 Nf6 26. Be3 Rac8 27. Bd5 (27. g3 {keeps more tension.} Kg7 28. Bd4 Kg6 29. h4 Rfd8 30. b4) 27... Nxd5 28. Rxd5 Nxe6 (28... Kh7 $15) 29. Rxa5 Nc5 30. Rb5 Rc7 31. a5 Bf6 32. g3 Bg7 33. Rd1 {[%mdl 1024] White has compensation.} (33. Bxc5 $5 dxc5 34. Re1 $14) 33... Nd3 34. Rd2 Be5 35. Rd5 Rcf7 (35... Rf3 $11) 36. f4 $14 Bg7 37. Rxd6 Rf5 38. Re6 Rxa5 39. Rxe4 Rd8 $1 40. Rd1 (40. Bd4 $14 Bxd4+ 41. Rxd4 Rxd4 42. cxd4) 40... Rad5 (40... Rb5 $11) 41. c4 $36 {[%mdl 2048] Black is under strong pressure.} R5d7 42. b3 Nb4 43. Rxd7 Rxd7 44. f5 Rd3 {aiming for ...Rxe3!} 45. Kg2 $1 Rxb3 46. h4 ({White should try} 46. g4 $1 $16) 46... Nc6 (46... Bf6 $11) 47. g4 $1 Rb2+ {[#]} 48. Kg3 $1 Rb3 (48... Kg8 $16 49. g5 Be5+ 50. Kg4 Rg2+ 51. Kh5 Kg7) 49. Kf4 b5 $2 (49... Kg8 $16 50. g5 Be5+ 51. Kg4 Rb1) 50. g5 Be5+ (50... Kg8 $18 51. Re8+ Kf7) 51. Rxe5 {[%mdl 64] Overworked Piece} Nxe5 52. Bd4 ({Wrong is} 52. Kxe5 $2 Rxe3+ 53. Kd4 Rb3 $19) 52... bxc4 53. Bxe5+ {[%mdl 4096] Endgame KR-KB} Kh7 54. f6 (54. g6+ $142 Kh6 55. Bd6) 54... c3 $18 {[#]} 55. Ke3 $2 (55. Kf5 $1 $18 Rb5 56. f7 Rxe5+ {[%mdl 64] Remove Defender} 57. Kxe5) 55... Kg6 $11 {The position is equal.} 56. h5+ Kxg5 57. Kd3 {[#]} c2+ $1 {[%mdl 512]} 58. Kxc2 Rf3 59. Bc3 Kxh5 {White must now prevent ...Kg6.} 60. Kb2 Kg6 {Accuracy: White = 55%, Black = 43%.} 1/2-1/2

[Event "21st Dubai Open 2019"]
[Site "Dubai"]
[Date "2019.04.06"]
[Round "6.14"]
[White "Bharath Subramaniyam H"]
[Black "Santos Ruiz, Miguel"]
[Result "1-0"]
[WhiteElo "2301"]
[BlackElo "2555"]
[Annotator "TA"]
[PlyCount "143"]
[EventDate "2019.04.01"]
[EventType "swiss"]
[EventCountry "UAE"]
[SourceTitle "playchess.com"]
[Source "ChessBase"]
[SourceQuality "1"]

{[%evp 9,143,5,6,3,4,-2,-5,-11,-14,-3,3,7,9,11,55,17,19,-2,0,-12,-18,-37,-31,-42,-52,-35,-12,-18,0,0,0,0,0,0,0,0,0,-14,0,0,11,-16,-17,-29,-25,-97,-97,-95,-12,-12,-10,-10,0,0,0,0,0,-11,0,0,0,0,0,0,0,0,0,0,0,0,0,-74,-74,-77,177,177,292,268,286,272,281,266,277,231,314,320,343,311,311,311,311,306,652,629,568,416,1403,1097,29968,29967,29966,29965,29967,29968,29958,4769,29971,29972,29964,29961,29959,29959,7885,6183,5073,4762,29971,29973,29971,29974,29974,29974,29978,29979,29979,29978,29982,29982,29983,29981,29984,29985,29989,29990,29992,29993]} 1. e4 e5 2. Nf3 Nc6 3. Bb5 a6 4. Ba4 Nf6 5. Qe2 Bd6 (5... b5 6. Bb3 Be7 7. c3 d6 8. O-O O-O 9. h3 Na5 10. Bc2 c5 11. d3 Re8 12. Rd1 h6 13. Nbd2 Bf8 14. Nf1 d5 15. exd5 Qxd5 16. Ng3 Bb7 17. Ne4 Qe6 18. Re1 Nxe4 19. dxe4 {½-½ (51) Bortnyk,O (2610)-Almasi,Z (2682) Riadh 2017}) 6. c3 {C77: Ruy Lopez: 3...a6 4 Ba4 Nf6, unusual lines} O-O 7. d3 Re8 8. Bg5 {The position is equal.} h6 9. Bh4 Bf8 10. Nbd2 d6 11. O-O g5 $146 ({Predecessor:} 11... Bd7 12. Bc2 Be7 13. Bg3 Nh5 14. h3 Nxg3 15. fxg3 a5 16. d4 exd4 17. cxd4 {0-1 (40) Ciruelos Clerencia,J (1920)-Baron Gonzalez,A (2067) ICCF email 2015}) 12. Bg3 (12. Nxg5 $5 hxg5 13. Bxg5 $15) 12... Bd7 13. h4 Nh5 14. hxg5 hxg5 15. Nh2 Nf4 $1 {[%cal Rf4e2]} ({Inferior is} 15... Nxg3 16. fxg3 Bg7 17. Qh5 $16 (17. Bxc6 Bxc6 18. Ng4 f6 $14)) 16. Bxf4 gxf4 17. Qh5 Qf6 18. Bd1 Qh6 19. Qxh6 Bxh6 20. Bg4 Be6 21. Ndf3 Rad8 22. Bxe6 Rxe6 23. Nh4 Bg5 (23... d5 {feels hotter.} 24. Rad1 Ne7 25. Ng4 Bg7 26. Nf5 Kh7) 24. Nf5 Ne7 (24... Kf8 {is interesting.} 25. Rfe1 Ne7 26. Nf3 Rg6 27. d4 Bf6) 25. Nxe7+ Bxe7 26. Ng4 Kg7 27. f3 (27. Rfd1 $11 {remains equal.}) 27... d5 $17 28. Rfd1 dxe4 (28... Red6 $1 $17 29. d4 dxe4 30. Nxe5 e3) 29. dxe4 $11 Red6 30. Rxd6 Rxd6 (30... Bxd6 {keeps more tension.} 31. Kf2 Rh8 32. a4 Kg6 33. Ke2 f5) 31. Nxe5 {[%mdl 4096] Endgame KRB-KRN} Rd2 32. Nc4 Rc2 33. Rb1 Bc5+ 34. Kh2 Bf2 35. Kh3 Kf6 36. a4 b5 37. axb5 $1 axb5 38. Na3 Rd2 {And now ...Kg5 would win.} 39. Nxb5 Rd8 40. Kg4 {[#]} (40. g3 $11 {keeps the balance.}) 40... Bg3 $1 $17 41. e5+ Kg6 $2 {[%mdl 8192] [#]} (41... Kxe5 $17 {stays on course. ( -> ...Kf6)} 42. Kg5 Rh8) 42. Nd4 $1 $18 {Strongly threatening Ra1.} Re8 (42... f6 $142) 43. Nf5 Rxe5 44. Nxg3 fxg3 45. Kxg3 {KR-KR} Re2 46. b3 Rc2 47. c4 Rc3 48. Ra1 Rxb3 49. Ra7 Rb2 50. Rxc7 f6 $2 (50... Rc2 51. Kh3 Rf2) 51. c5 Rc2 52. c6 Rc4 (52... Kf5 $142 53. Rc8 Ke6) 53. Rc8 Kg7 54. Kh3 Rc3 55. Kg4 Rc5 56. f4 Kg6 57. Kf3 (57. c7 $142 Kh7 58. Kf3 Kg7 59. Ke3 Rc3+ 60. Kd4 Rc1 61. f5 Rd1+ 62. Ke4 Re1+ 63. Kd3) 57... Rc4 58. g4 Kh6 59. Ke3 Kg7 60. Kd3 Rc1 61. Kd4 Kf7 62. Kd5 Ke7 63. c7 {White mates.} Kd7 64. Rf8 Kxc7 65. Rxf6 Kd7 66. Rf7+ Ke8 67. Ra7 Re1 68. g5 Kf8 69. g6 Re2 70. f5 Rb2 71. f6 Rb8 72. Rh7 {Accuracy: White = 74%, Black = 35%.} 1-0

[Event "21st Dubai Open 2019"]
[Site "Dubai"]
[Date "2019.04.06"]
[Round "6.15"]
[White "Bellahcene, Bilel"]
[Black "Sadhwani, Raunak"]
[Result "1/2-1/2"]
[WhiteElo "2538"]
[BlackElo "2475"]
[Annotator "RC"]
[PlyCount "175"]
[EventDate "2019.04.01"]
[EventType "swiss"]
[EventCountry "UAE"]
[SourceTitle "playchess.com"]
[Source "ChessBase"]
[SourceQuality "1"]
[TimeControl "5400+30"]

1. d4 {[%emt 0:00:00]} Nf6 {[%emt 0:00:00]} 2. c4 {[%emt 0:00:00]} g6 {[%emt 0:00:00]} 3. Nc3 {[%emt 0:00:00]} Bg7 {[%emt 0:00:00]} 4. e4 {[%emt 0:00:00]} d6 {[%emt 0:00:00]} 5. h3 {[%emt 0:00:00]} O-O {[%emt 0:00:00]} 6. Nf3 {[%emt 0:00:00]} e5 {[%emt 0:00:02]} 7. d5 {[%emt 0:00:00]} Nh5 {[%emt 0:00:06]} 8. g3 {[%emt 0:00:00]} Qe7 {[%emt 0:00:23]} 9. Nh2 {[%emt 0:00:03]} Na6 {[%emt 0:00:07]} 10. Be2 {[%emt 0:01:51]} f5 {[%emt 0:00:17]} 11. exf5 {[%emt 0:00:08]} Rxf5 {[%emt 0:00:04]} 12. O-O {[%emt 0:01:07]} Rf7 {[%emt 0:06:19]} 13. Kg2 {[%emt 0:04:13]} Bd7 {[%emt 0:06:02]} 14. Ng4 {[%emt 0:03:19]} Kh8 {[%emt 0:03:02]} 15. Be3 {[%emt 0:00:36]} Qf8 {[%emt 0:26:47]} 16. Ne4 {[%emt 0:05:00]} Re8 {[%emt 0:02:32]} 17. f3 {[%emt 0:00:51]} Nc5 {[%emt 0:06:22]} 18. Bxc5 {[%emt 0:09:02]} dxc5 {[%emt 0:00:02]} 19. Qd2 {[%emt 0:00:16]} b6 {[%emt 0:05:21]} 20. Rae1 {[%emt 0:02:25]} Nf6 {[%emt 0:02:29]} 21. Ngxf6 {[%emt 0:04:04]} Bxf6 {[%emt 0:00:03]} 22. h4 {[%emt 0:01:57]} Bf5 {[%emt 0:02:59]} 23. Bd3 {[%emt 0:01:11]} Qg7 {[%emt 0:05:22]} 24. Nf2 {[%emt 0:01:58]} Ref8 {[%emt 0:01:05]} 25. Be4 {[%emt 0:02:35]} Be7 {[%emt 0:01:04]} 26. Qd3 {[%emt 0:05:17]} a6 {[%emt 0:03:56]} 27. Re3 {[%emt 0:01:22]} Bd6 {[%emt 0:02:01]} 28. Rh1 {[%emt 0:01:44]} h5 {[%emt 0:00:05]} 29. Qe2 {[%emt 0:01:50]} Kg8 {[%emt 0:02:20]} 30. Ra3 {[%emt 0:06:09]} Bc8 {[%emt 0:00:20]} 31. Qc2 {[%emt 0:02:03]} Rf6 {[%emt 0:00:26]} 32. Qd2 {[%emt 0:00:07]} Be7 {[%emt 0:01:32]} 33. Bc2 {[%emt 0:02:28]} Bg4 {[%emt 0:02:24]} 34. Nxg4 {[%emt 0:07:11]} hxg4 {[%emt 0:00:05]} 35. fxg4 {[%emt 0:00:42]} Rf2+ {[%emt 0:00:27]} 36. Qxf2 {[%emt 0:00:50]} Rxf2+ {[%emt 0:00:02]} 37. Kxf2 {[%emt 0:00:07]} e4 {[%emt 0:00:09]} 38. Re3 {[%emt 0:03:48]} Qxb2 {[%emt 0:00:50]} 39. Re2 {[%emt 0:00:24]} Qd4+ {[%emt 0:03:12]} 40. Kg2 {[%emt 0:02:41]} e3 {[%emt 0:07:49]} 41. Rhe1 {[%emt 0:05:57]} Bxh4 {[%emt 0:00:41]} 42. Rxe3 {[%emt 0:00:45]} Bf6 {[%emt 0:00:13]} 43. Re4 {[%emt 0:03:39]} Qc3 {[%emt 0:00:06]} 44. R1e2 {[%emt 0:00:58]} Kg7 {[%emt 0:00:02]} 45. Kh2 {[%emt 0:05:27]} Qf3 {[%emt 0:01:29]} 46. Rg2 {[%emt 0:01:24]} b5 {[%emt 0:01:17]} 47. Rf4 {[%emt 0:01:29]} Qc3 {[%emt 0:00:18]} 48. cxb5 {[%emt 0:04:06]} axb5 {[%emt 0:00:19]} 49. g5 {[%emt 0:02:35]} Be5 {[%emt 0:01:23]} 50. Rg4 {[%emt 0:01:55]} Qf3 {[%emt 0:00:22]} 51. Kh3 {[%emt 0:01:05]} c4 {[%emt 0:01:39]} 52. Rh4 {[%emt 0:01:45]} b4 {[%emt 0:02:32]} 53. Rxc4 {[%emt 0:04:48]} Bxg3 {[%emt 0:00:22]} 54. Be4 {[%emt 0:01:52]} Qf1 {[%emt 0:00:24]} 55. Kxg3 {[%emt 0:00:26]} Qxc4 {[%emt 0:00:05]} 56. Kf4 {[%emt 0:00:05]} Qc1+ {[%emt 0:01:08]} 57. Kf3 {[%emt 0:00:25]} Qf1+ {[%emt 0:02:10]} 58. Ke3 {[%emt 0:00:19]} Qa1 {[%emt 0:00:39]} 59. Rc2 {[%emt 0:00:29]} Qe5 {[%emt 0:01:23]} 60. Kf3 {[%emt 0:01:41]} Kf8 {[%emt 0:02:04]} 61. Rc6 {[%emt 0:00:19]} Qxg5 {[%emt 0:00:24]} 62. Rxg6 {[%emt 0:00:03]} Qh5+ {[%emt 0:00:48]} 63. Ke3 {[%emt 0:00:29]} Qh3+ {[%emt 0:00:33]} 64. Bf3 {[%emt 0:00:07]} Ke7 {[%emt 0:01:17]} 65. Rg7+ {[%emt 0:01:11]} Kd6 {[%emt 0:01:09]} 66. Rg6+ {[%emt 0:00:01]} Ke5 {[%emt 0:01:28]} 67. Re6+ {[%emt 0:00:23]} Kf5 {[%emt 0:00:07]} 68. Rc6 {[%emt 0:00:10]} Qg3 {[%emt 0:00:17]} 69. Rc4 {[%emt 0:00:58]} Qg1+ {[%emt 0:00:21]} 70. Kd3 {[%emt 0:00:42]} Qb1+ {[%emt 0:00:12]} 71. Rc2 {[%emt 0:00:41]} Kf4 {[%emt 0:01:38]} 72. Be2 {[%emt 0:00:22]} Kg3 {[%emt 0:01:12]} 73. Kd2 {[%emt 0:00:47]} Kf2 {[%emt 0:01:21]} 74. Bd1 {[%emt 0:00:07]} Qa1 {[%emt 0:00:08]} 75. Kd3+ {[%emt 0:00:18]} Kg3 {[%emt 0:00:17]} 76. Be2 {[%emt 0:00:28]} Qe5 {[%emt 0:00:05]} 77. Kc4 {[%emt 0:00:34]} Qe7 {[%emt 0:01:05]} 78. Kb3 {[%emt 0:00:21]} Kf4 {[%emt 0:00:09]} 79. Bc4 {[%emt 0:01:12]} Qe1 {[%emt 0:00:23]} 80. Kb2 {[%emt 0:00:16]} Qe5+ {[%emt 0:00:28]} 81. Kb1 {[%emt 0:00:07]} Qd6 {[%emt 0:00:19]} 82. Bb3 {[%emt 0:01:01]} Ke3 {[%emt 0:00:21]} 83. Kb2 {[%emt 0:00:06]} Qf6+ {[%emt 0:00:39]} 84. Kb1 {[%emt 0:00:03]} Qg6 {[%emt 0:00:23]} 85. Kb2 {[%emt 0:00:14]} Qg7+ {[%emt 0:00:13]} 86. Kb1 {[%emt 0:00:05]} Kd3 {[%emt 0:00:08]} 87. Bc4+ {[%emt 0:00:10]} Kd4 {[%emt 0:00:10]} 88. Bb3 {[%emt 0:00:03]} 1/2-1/2

[Event "21st Dubai Open 2019"]
[Site "Dubai"]
[Date "2019.04.06"]
[Round "6.16"]
[White "Chanda, Sandipan"]
[Black "Haug, Johannes"]
[Result "0-1"]
[WhiteElo "2521"]
[BlackElo "2424"]
[Annotator "TA"]
[PlyCount "132"]
[EventDate "2019.04.01"]
[EventType "swiss"]
[EventCountry "UAE"]
[SourceTitle "playchess.com"]
[Source "ChessBase"]
[SourceQuality "1"]

{[%evp 9,132,-7,9,7,4,4,12,5,3,3,18,9,11,4,48,42,47,27,35,20,26,3,7,6,12,2,12,-2,1,0,0,-38,-22,-31,-18,-9,45,44,45,45,45,45,45,45,49,49,38,38,50,50,50,50,50,48,50,41,50,16,52,16,51,16,16,0,73,73,73,73,73,71,71,39,73,73,73,73,73,73,73,73,73,73,73,73,73,73,73,73,73,73,73,0,73,25,177,165,187,16,16,20,302,119,119,119,119,97,22,-527,-441,-906,-857,-5085,-1244,-2641,-2643,-2070,-2108,-29978,-29979,-29970,-29966,-29962,-29961,-6330,-6235]} 1. d4 Nf6 2. c4 e6 3. Nc3 Bb4 4. e3 O-O 5. Bd2 c5 6. a3 {E46: Nimzo-Indian: Rubinstein: 4 e3 0-0 5 Ne2 without early Bd3} Bxc3 7. Bxc3 Ne4 (7... cxd4 8. Qxd4 d5 9. cxd5 exd5 10. Bd3 Nc6 11. Qh4 Ne4 12. Qxd8 Rxd8 13. Bxe4 dxe4 {1-0 (46) Ivanisevic,I (2574)-Pavlovic,M (2482) Valjevo 2018}) 8. Ne2 {The position is equal.} b6 9. d5 $146 ({Predecessor:} 9. dxc5 bxc5 10. Qc2 Bb7 11. Rd1 d6 12. f3 Nxc3 13. Nxc3 Qh4+ {½-½ (47) Struzka,V (2193)-Postupa,P (2251) ICCF email 2015}) 9... d6 10. f3 Nxc3 11. Nxc3 e5 12. Bd3 f5 13. O-O Nd7 14. Qc2 g6 15. Kh1 Nf6 16. b4 Bd7 17. Qb2 Rb8 18. Be2 a6 19. Rab1 Qc7 20. f4 exf4 21. exf4 Kf7 22. b5 a5 ({Better is} 22... axb5 $11 23. Nxb5 Bxb5 24. Qxb5 Rfe8) 23. Bf3 Rfe8 24. Rbe1 Rxe1 25. Rxe1 Re8 {[%cal Re8e1]} 26. Re2 Rxe2 27. Qxe2 Qd8 28. h3 h5 29. Qe3 Bc8 30. Kg1 Bd7 31. Be2 Bc8 32. Bd3 Kf8 33. Kf1 Kf7 34. Bc2 Kf8 35. Ne2 Bd7 36. Ng1 (36. Qg3 {with more complications.} Kf7 37. Nc3 Qh8 38. Ke1 h4 39. Qe3) 36... Qe7 (36... h4 $11 {remains equal.}) 37. Qxe7+ $16 Kxe7 {[%mdl 4096] Endgame KBN-KBN} 38. Ne2 Be8 39. Nc3 Nd7 40. Kf2 Kf6 41. g4 hxg4 42. hxg4 Nf8 43. Na4 Nd7 44. Kg3 Bf7 45. Kh4 Be8 46. Bd1 Bf7 47. Nc3 Nf8 48. Ne2 Be8 49. Ng3 Bd7 50. Bc2 ({White should try} 50. g5+ $16 Ke7 51. Nf1) 50... Bc8 (50... fxg4 $11 {keeps the balance.} 51. Ne4+ Ke7) 51. gxf5 (51. g5+ {is interesting.} Ke7 52. Nf1 Bd7 53. Kg3 Be8 54. Kf3) 51... Bxf5 $2 (51... gxf5 $11 52. Nh5+ Kg6) 52. Bxf5 $18 gxf5 $16 {KN-KN} 53. Kh5 $1 Ng6 54. Ne2 Nf8 $2 {[%mdl 8192] [#]} (54... Nh8 $1 $11) 55. Ng1 $2 (55. Nc1 $1 $18 {and the rest is easy.} Ng6 56. Nd3) 55... Ng6 {[#]} 56. Nh3 $1 a4 57. Kh6 Nh4 {And now ...Ng2 would win.} 58. Ng5 $2 {[%mdl 8192]} (58. Nf2 $1 $11 {and White is okay.}) 58... Ng2 $19 {Threatens to win with ...Ne3.} 59. Nh7+ (59. Nh3 $142 Ne3 60. Ng1) 59... Ke7 60. Kg5 Ne3 61. Nf6 Nxc4 62. Kxf5 Nxa3 63. Ne4 Nxb5 64. Kg6 Nd4 65. f5 {[#]} Nxf5 $1 {[%mdl 512]} 66. Kxf5 a3 {Accuracy: White = 54%, Black = 57%.} 0-1

[Event "21st Dubai Open 2019"]
[Site "Dubai"]
[Date "2019.04.06"]
[Round "6.17"]
[White "Mulenga, Prince Daniel"]
[Black "Kuybokarov, Temur"]
[Result "1-0"]
[WhiteElo "2252"]
[BlackElo "2519"]
[Annotator "ChessBase"]
[PlyCount "85"]
[EventDate "2019.04.01"]
[EventType "swiss"]
[EventCountry "UAE"]
[SourceTitle "playchess.com"]
[Source "ChessBase"]
[SourceQuality "1"]
[TimeControl "5400+30"]

1. d4 {[%emt 0:00:00]} Nf6 {[%emt 0:00:00]} 2. c4 {[%emt 0:00:00]} e6 {[%emt 0:00:16]} 3. Nf3 {[%emt 0:00:00]} d5 {[%emt 0:00:09]} 4. Nc3 {[%emt 0:00:03]} Bb4 {[%emt 0:00:18]} 5. Qa4+ {[%emt 0:00:03]} Nc6 {[%emt 0:00:06]} 6. e3 {[%emt 0:00:02]} O-O {[%emt 0:00:16]} 7. Be2 {[%emt 0:00:25]} a6 {[%emt 0:03:24]} 8. Qc2 {[%emt 0:00:03]} dxc4 {[%emt 0:02:53]} 9. Bxc4 {[%emt 0:00:03]} Bd6 {[%emt 0:04:12]} 10. O-O {[%emt 0:05:37]} b5 {[%emt 0:04:42]} 11. Be2 {[%emt 0:00:17]} Bb7 {[%emt 0:00:37]} 12. a3 {[%emt 0:00:17]} e5 {[%emt 0:02:34]} 13. d5 {[%emt 0:02:26]} Ne7 {[%emt 0:06:50]} 14. e4 {[%emt 0:01:21]} c6 {[%emt 0:01:48]} 15. dxc6 {[%emt 0:00:21]} Nxc6 {[%emt 0:00:18]} 16. Bg5 {[%emt 0:00:03]} h6 {[%emt 0:01:48]} 17. Bh4 {[%emt 0:01:57]} Nd4 {[%emt 0:05:30]} 18. Qd3 {[%emt 0:03:39]} Nxe2+ {[%emt 0:03:04]} 19. Qxe2 {[%emt 0:00:09]} Qe7 {[%emt 0:04:41]} 20. Rad1 {[%emt 0:06:57]} Qe6 {[%emt 0:02:32]} 21. Bxf6 {[%emt 0:02:14]} Qxf6 {[%emt 0:02:09]} 22. Nd5 {[%emt 0:00:01]} Qe6 {[%emt 0:01:35]} 23. Nh4 {[%emt 0:00:13]} g6 {[%emt 0:04:59]} 24. Qe3 {[%emt 0:00:56]} Kg7 {[%emt 0:02:05]} 25. Rd3 {[%emt 0:05:11]} Rad8 {[%emt 0:05:51]} 26. Rfd1 {[%emt 0:02:38]} Bb8 {[%emt 0:00:50]} 27. Qg3 {[%emt 0:06:26]} Kh7 {[%emt 0:00:28]} 28. Nf3 {[%emt 0:01:53]} Bd6 {[%emt 0:08:59]} 29. Qh4 {[%emt 0:07:58]} Kg7 {[%emt 0:01:37]} 30. h3 {[%emt 0:02:15]} f6 {[%emt 0:04:17]} 31. Nh2 {[%emt 0:04:23]} f5 {[%emt 0:02:15]} 32. exf5 {[%emt 0:00:29]} gxf5 {[%emt 0:00:32]} 33. Rg3+ {[%emt 0:01:32]} Kh8 {[%emt 0:00:50]} 34. Nf3 {[%emt 0:09:13]} Bxd5 {[%emt 0:11:02]} 35. Rxd5 {[%emt 0:03:05]} e4 {[%emt 0:02:17]} 36. Ne5 {[%emt 0:00:59]} Bxe5 {[%emt 0:04:17]} 37. Rxd8 {[%emt 0:00:28]} Bxg3 {[%emt 0:00:06]} 38. Rxf8+ {[%emt 0:00:52]} Kg7 {[%emt 0:00:08]} 39. Qd8 {[%emt 0:00:30]} e3 {[%emt 0:00:32]} 40. fxg3 {[%emt 0:01:04]} e2 {[%emt 0:00:05]} 41. Rg8+ {[%emt 0:00:02]} Qxg8 42. Qxg8+ Kxg8 43. Kf2 1-0

[Event "21st Dubai Open 2019"]
[Site "Dubai"]
[Date "2019.04.06"]
[Round "6.18"]
[White "Venkatesh, M.R."]
[Black "Dimakiling, Oliver"]
[Result "0-1"]
[WhiteElo "2517"]
[BlackElo "2404"]
[Annotator "ChessBase"]
[PlyCount "84"]
[EventDate "2019.04.01"]
[EventType "swiss"]
[EventCountry "UAE"]
[SourceTitle "playchess.com"]
[Source "ChessBase"]
[SourceQuality "1"]
[TimeControl "5400+30"]

1. e4 {[%emt 0:04:14]} c5 {[%emt 0:00:00]} 2. Be2 {[%emt 0:00:50]} Nc6 {[%emt 0:00:00]} 3. f4 {[%emt 0:00:05]} Nf6 {[%emt 0:01:13]} 4. d3 {[%emt 0:00:26]} d6 {[%emt 0:01:56]} 5. Nf3 {[%emt 0:00:18]} e5 {[%emt 0:03:07]} 6. O-O {[%emt 0:08:35]} c4 {[%emt 0:02:51]} 7. Nc3 {[%emt 0:09:27]} cxd3 {[%emt 0:00:27]} 8. Qxd3 {[%emt 0:00:39]} Be7 {[%emt 0:02:03]} 9. a3 {[%emt 0:00:43]} O-O {[%emt 0:00:38]} 10. f5 {[%emt 0:02:50]} h6 {[%emt 0:02:21]} 11. Kh1 {[%emt 0:00:25]} a6 {[%emt 0:00:33]} 12. Be3 {[%emt 0:19:14]} b5 {[%emt 0:01:12]} 13. Nd5 {[%emt 0:20:41]} Nxd5 {[%emt 0:00:46]} 14. exd5 {[%emt 0:00:05]} Nb8 {[%emt 0:00:33]} 15. a4 {[%emt 0:00:08]} b4 {[%emt 0:03:30]} 16. g4 {[%emt 0:01:52]} Nd7 {[%emt 0:01:05]} 17. g5 {[%emt 0:05:16]} hxg5 {[%emt 0:00:33]} 18. Rg1 {[%emt 0:00:20]} e4 {[%emt 0:10:54]} 19. Qxe4 {[%emt 0:00:18]} Bf6 {[%emt 0:00:06]} 20. Nxg5 {[%emt 0:11:15]} Re8 {[%emt 0:01:04]} 21. Qh4 {[%emt 0:03:41]} Rxe3 {[%emt 0:03:37]} 22. Qh7+ {[%emt 0:00:06]} Kf8 {[%emt 0:00:05]} 23. Ne6+ {[%emt 0:02:28]} Rxe6 {[%emt 0:00:07]} 24. fxe6 {[%emt 0:00:05]} Ne5 {[%emt 0:01:47]} 25. exf7 {[%emt 0:00:58]} Bb7 {[%emt 0:01:48]} 26. Rad1 {[%emt 0:00:46]} Nxf7 {[%emt 0:02:47]} 27. Bh5 {[%emt 0:00:17]} Qe7 {[%emt 0:02:14]} 28. Rd3 {[%emt 0:02:02]} Re8 {[%emt 0:05:32]} 29. Bg6 {[%emt 0:00:07]} Qe2 {[%emt 0:02:47]} 30. Qh3 {[%emt 0:03:25]} Re3 {[%emt 0:06:15]} 31. Qf5 {[%emt 0:02:53]} Rxd3 {[%emt 0:02:59]} 32. cxd3 {[%emt 0:00:16]} Ne5 {[%emt 0:02:54]} 33. Qe4 {[%emt 0:00:29]} Nxg6 {[%emt 0:01:10]} 34. Qxe2 {[%emt 0:00:47]} Bxd5+ {[%emt 0:00:03]} 35. Qe4 {[%emt 0:00:42]} Bxe4+ {[%emt 0:00:14]} 36. dxe4 {[%emt 0:00:01]} Nf4 {[%emt 0:00:14]} 37. b3 {[%emt 0:00:19]} Ke7 {[%emt 0:00:31]} 38. h4 {[%emt 0:01:20]} Nd3 {[%emt 0:00:20]} 39. Kg2 {[%emt 0:00:34]} Bxh4 {[%emt 0:00:19]} 40. Kf3 {[%emt 0:00:04]} Bf6 {[%emt 0:00:10]} 41. a5 {[%emt 0:00:56]} Nc5 {[%emt 0:00:16]} 42. Rb1 {[%emt 0:00:26]} Ke6 {[%emt 0:00:05]} 0-1

[Event "21st Dubai Open 2019"]
[Site "Dubai"]
[Date "2019.04.06"]
[Round "6.19"]
[White "Aravindh, Chithambaram VR."]
[Black "Tissir, Mohamed"]
[Result "1-0"]
[WhiteElo "2602"]
[BlackElo "2386"]
[Annotator "ChessBase"]
[PlyCount "75"]
[EventDate "2019.04.01"]
[EventType "swiss"]
[EventCountry "UAE"]
[SourceTitle "playchess.com"]
[Source "ChessBase"]
[SourceQuality "1"]
[TimeControl "5400+30"]

1. d4 {[%emt 0:02:50]} Nf6 {[%emt 0:01:34]} 2. c4 {[%emt 0:00:09]} g6 {[%emt 0:00:31]} 3. Nc3 {[%emt 0:00:13]} Bg7 {[%emt 0:00:25]} 4. g3 {[%emt 0:00:52]} O-O {[%emt 0:00:08]} 5. Bg2 {[%emt 0:00:04]} d6 {[%emt 0:00:14]} 6. Nf3 {[%emt 0:00:08]} Nbd7 {[%emt 0:00:36]} 7. O-O {[%emt 0:00:09]} e5 {[%emt 0:00:08]} 8. e4 {[%emt 0:00:07]} c6 {[%emt 0:00:07]} 9. h3 {[%emt 0:00:26]} Re8 {[%emt 0:00:49]} 10. Re1 {[%emt 0:00:10]} exd4 {[%emt 0:07:38]} 11. Nxd4 {[%emt 0:00:06]} Qc7 {[%emt 0:00:03]} 12. Be3 {[%emt 0:02:47]} a6 {[%emt 0:05:20]} 13. Qc2 {[%emt 0:00:50]} Rb8 {[%emt 0:09:32]} 14. a4 {[%emt 0:03:00]} Ne5 {[%emt 0:17:47]} 15. b3 {[%emt 0:00:18]} c5 {[%emt 0:00:07]} 16. Nde2 {[%emt 0:00:10]} b6 {[%emt 0:00:01]} 17. Rad1 {[%emt 0:01:40]} Bb7 {[%emt 0:03:11]} 18. Qd2 {[%emt 0:00:39]} Bf8 {[%emt 0:04:21]} 19. g4 {[%emt 0:06:45]} h5 {[%emt 0:06:49]} 20. g5 {[%emt 0:01:20]} Nh7 {[%emt 0:01:53]} 21. f4 {[%emt 0:00:21]} Nd7 {[%emt 0:08:18]} 22. Ng3 {[%emt 0:00:21]} Rbd8 {[%emt 0:01:58]} 23. Qf2 {[%emt 0:00:57]} Bg7 {[%emt 0:02:06]} 24. e5 {[%emt 0:01:04]} Bxg2 {[%emt 0:11:13]} 25. Qxg2 {[%emt 0:00:32]} dxe5 {[%emt 0:00:05]} 26. Nd5 {[%emt 0:00:24]} Qb8 {[%emt 0:01:48]} 27. f5 {[%emt 0:00:46]} e4 {[%emt 0:12:28]} 28. Nxe4 {[%emt 0:00:25]} Qe5 {[%emt 0:04:16]} 29. fxg6 {[%emt 0:07:10]} Qxe4 {[%emt 0:00:29]} 30. gxh7+ {[%emt 0:00:06]} Qxh7 {[%emt 0:00:27]} 31. Bf4 {[%emt 0:00:48]} Bd4+ {[%emt 0:00:36]} 32. Kh2 {[%emt 0:00:40]} Kh8 {[%emt 0:00:15]} 33. Ne7 {[%emt 0:01:09]} Rxe7 {[%emt 0:00:44]} 34. Rxe7 {[%emt 0:00:07]} Qf5 {[%emt 0:00:03]} 35. Qe4 {[%emt 0:00:34]} Qxe4 {[%emt 0:00:55]} 36. Rxe4 {[%emt 0:00:04]} Kg8 {[%emt 0:00:04]} 37. Rexd4 {[%emt 0:00:14]} cxd4 {[%emt 0:00:14]} 38. Rxd4 {[%emt 0:00:06]} 1-0